| 000 | 00749nas a22002417a 4500 | ||
|---|---|---|---|
| 999 |
_c458 _d458 |
||
| 001 | 458 | ||
| 003 | OSt | ||
| 005 | 20220118154747.0 | ||
| 008 | 130130d20002008sp ||||||||||||cat||||||d | ||
| 024 | _aDL B 16110-1999 | ||
| 040 |
_aCDMR _bcat _cCPC GIRONA |
||
| 245 | 1 | 0 | _aComunicació 21 |
| 260 |
_aBarcelona: _bBarcelona Planning, _c2000- |
||
| 310 | _aIrregular | ||
| 362 | _aAny 1, núm. 1 (nov./des. 2000) - | ||
| 650 | 2 | 0 |
_9195 _aPremsa _zCatalunya _vRevistes |
| 650 | 0 | 4 |
_93127 _aTelevisió _zCatalunya _vRevistes |
| 650 | 0 | 4 |
_93105 _aRadiodifusió _zCatalunya _vRevistes |
| 650 | 0 | 4 |
_91465 _aEmpresa informativa _zCatalunya _vRevistes |
| 740 | 0 | _aMass Media 21 | |
| 856 | 4 | 0 |
_uhttp://comunicacio21.cat/revista _yAccés lliure 2014 - |
| 942 |
_cSER _2udc |
||